000 00841nam a22002297a 4500
999 _c161463
_d161463
005 20190919112027.0
010 _a1819CHEN B-721007-1027
020 _a9789384540111
_c300.00
035 _aB-721007-1027
035 _aB-730080
037 _bNoida Book Publishing
082 _a920
100 _aTiwari,Reema
245 _aLord Buddha /
_cby Reema Tiwari
260 _aNoida, U.P.
_bNoida Book Publishing
_c2018
270 _aB-114, Sector-55
_bNoida, U.P.
300 _a101p.:
_bill.
_c22cm(Hb)
500 _aAirport
942 _2ddc
_cCH
_mBUD
_h920